The Bundu book of mammals, reptiles, and bees. (Record no. 121459)
[ view plain ]
| 000 -LEADER | |
|---|---|
| fixed length control field | 00985cam a2200289 4500 |
| 001 - CONTROL NUMBER | |
| control field | 3146263 |
| 003 - CONTROL NUMBER IDENTIFIER | |
| control field | ARRUPE |
| 005 - DATE AND TIME OF LATEST TRANSACTION | |
| control field | 20141210144718.0 |
| 008 - FIXED-LENGTH DATA ELEMENTS--GENERAL INFORMATION | |
| fixed length control field | 730927s1972 rh a 001 0 eng |
| 010 ## - LIBRARY OF CONGRESS CONTROL NUMBER | |
| LC control number | 73170396 |
| 040 ## - CATALOGING SOURCE | |
| Original cataloging agency | DLC |
| Transcribing agency | DLC |
| Modifying agency | DLC |
| 041 0# - LANGUAGE CODE | |
| Language code of text/sound track or separate title | engnicsho |
| 043 ## - GEOGRAPHIC AREA CODE | |
| Geographic area code | f-rh--- |
| 050 00 - LIBRARY OF CONGRESS CALL NUMBER | |
| Classification number | QL731.R47 |
| Item number | B86 |
| 082 00 - DEWEY DECIMAL CLASSIFICATION NUMBER | |
| Classification number | 599/.09/6891 |
| 300 ## - PHYSICAL DESCRIPTION | |
| Other physical details | illus. (part col.) |
| Dimensions | 18 cm. |
| 245 04 - TITLE STATEMENT | |
| Title | The Bundu book of mammals, reptiles, and bees. |
| 260 ## - PUBLICATION, DISTRIBUTION, ETC. (IMPRINT) | |
| Place of publication, distribution, etc | [Salisbury] |
| Name of publisher, distributor, etc | Published by Longman Rhodesia for the Standing Conference of National Voluntary Youth Organisations in Rhodesia |
| Date of publication, distribution, etc | [1972] |
| 300 ## - PHYSICAL DESCRIPTION | |
| Extent | 126 p. |
| 490 0# - SERIES STATEMENT | |
| Series statement | Bundu book 5 |
| 650 #0 - SUBJECT ADDED ENTRY--TOPICAL TERM | |
| Topical term or geographic name as entry element | Mammals |
| Geographic subdivision | Zimbabwe. |
| 9 (RLIN) | 13289 |
| 650 #0 - SUBJECT ADDED ENTRY--TOPICAL TERM | |
| Topical term or geographic name as entry element | Reptiles |
| Geographic subdivision | Zimbabwe. |
| 9 (RLIN) | 13290 |
| 650 #0 - SUBJECT ADDED ENTRY--TOPICAL TERM | |
| Topical term or geographic name as entry element | Tracking and trailing. |
| 9 (RLIN) | 13291 |
| 650 #0 - SUBJECT ADDED ENTRY--TOPICAL TERM | |
| Topical term or geographic name as entry element | Bee stings. |
| 9 (RLIN) | 13292 |
| 710 2# - ADDED ENTRY--CORPORATE NAME | |
| Corporate name or jurisdiction name as entry element | Standing Conference of National Voluntary Youth Organisations in Rhodesia. |
| 9 (RLIN) | 13293 |
| 906 ## - LOCAL DATA ELEMENT F, LDF (RLIN) | |
| a | 7 |
| b | cbc |
| c | orignew |
| d | 4 |
| e | ncip |
| f | 19 |
| g | y-gencatlg |
| 942 ## - ADDED ENTRY ELEMENTS (KOHA) | |
| Source of classification or shelving scheme | Library of Congress Classification |
| Koha item type | SPC |
| Withdrawn status | Lost status | Source of classification or shelving scheme | Damaged status | Not for loan | Collection code | Home library | Current library | Shelving location | Date acquired | Total Checkouts | Full call number | Barcode | Date last seen | Price effective from | Koha item type |
|---|---|---|---|---|---|---|---|---|---|---|---|---|---|---|---|
| Library of Congress Classification | SPECIAL Collection | ARRUPE LIBRARY | ARRUPE LIBRARY | Main Collection | 10/12/2014 | SPC QL731.R47 B86 | 46500003460 | 10/12/2014 | 10/12/2014 | SPC |